Algebraic chemistry (Record no. 19960)
[ view plain ]
| 000 -LEADER | |
|---|---|
| fixed length control field | 01406nam a2200361Ia 4500 |
| 082 04 - DEWEY DECIMAL CLASSIFICATION NUMBER | |
| Classification number | 541.01/512 |
| 100 1# - MAIN ENTRY--AUTHOR NAME | |
| Personal name | Whitney, Cynthia Kolb, |
| 245 10 - TITLE STATEMENT | |
| Title | Algebraic chemistry |
| 260 ## - PUBLICATION, DISTRIBUTION, ETC. (IMPRINT) | |
| Place of publication | New York : |
| Name of publisher | Nova Publishers, |
| Year of publication | c2013. |
| 300 ## - PHYSICAL DESCRIPTION | |
| Number of Pages | 376 p. : |
| Other physical details | ill. |
| 490 0# - SERIES STATEMENT | |
| Series statement | Chemical engineering methods and technology |
| Series statement | Mathematics research developments |
| 650 #0 - SUBJECT ADDED ENTRY--TOPICAL TERM | |
| Topical Term | Molecular dynamics |
| Topical Term | Ionization constants |
| Topical Term | Quantum chemistry. |
| 856 40 - ELECTRONIC LOCATION AND ACCESS | |
| Uniform Resource Identifier | http://site.ebrary.com/lib/rucke/Doc?id=10704297 |
No items available.
